000 00222nam a22000857a 4500
008 170617b xxu||||| |||| 00| 0 eng d
100 _93481
_aBhanumathy. K. P
245 _aCandid conversation
260 _aNew Delhi
_bN. B. T
_c2007
999 _c6855
_d6855